| Tag |
First Indicator |
Second Indicator |
Subfields |
| LEADER |
00000cam a2200000 i 4500 |
| 001 |
in00000802466 |
| 005 |
20151017103946.0 |
| 008 |
791011s1979 dcua b f00010 eng d |
| 010 |
|
|
|a gp 80002155
|
| 020 |
|
|
|c pbk.
|
| 035 |
|
|
|a (OCoLC)05540293
|
| 035 |
|
|
|9 ADT8541AM
|
| 037 |
|
|
|b 20005
|
| 040 |
|
|
|a TRL
|c TRL
|d GPO
|d UtOrBLW
|
| 074 |
|
|
|a 126-D-3
|
| 086 |
0 |
|
|a C 60.10:79-23
|
| 100 |
1 |
|
|a Juroshek, J. R.
|q (John R.)
|
| 245 |
1 |
2 |
|a A compatibility analysis of spread-spectrum and FM land mobile systems /
|c J. R. Juroshek.
|
| 264 |
|
1 |
|a Washington :
|b Dept. of Commerce, National Telecommunications and Information Administration,
|c 1979.
|
| 300 |
|
|
|a vii, 69 pages :
|b illustrations ;
|c 28 cm.
|
| 336 |
|
|
|a text
|b txt
|2 rdacontent
|
| 337 |
|
|
|a unmediated
|b n
|2 rdamedia
|
| 338 |
|
|
|a volume
|b nc
|2 rdacarrier
|
| 490 |
1 |
|
|a NTIA report ; 79-23
|
| 500 |
|
|
|a Aug. 1979.
|
| 504 |
|
|
|a Bibliography: pages 62-63.
|
| 650 |
|
0 |
|a Radio frequency allocation.
|
| 830 |
|
0 |
|a NTIA report ;
|v 79-23.
|
| 999 |
|
|
|a MARS
|
| 999 |
f |
f |
|s f7b67cb9-4962-3151-b75c-457b4cd0dd5f
|i 4a598ab3-051a-3d18-8d71-298a6a38af16
|t 0
|
| 952 |
f |
f |
|p normal
|a Texas A&M University
|b College Station
|c Sterling C. Evans Library
|d Evans: US Documents (Annex 5th floor)
|t 0
|e C 60.10:79-23
|h Superintendent of Documents classification
|i unmediated -- volume
|m A14838298935
|
| 998 |
f |
f |
|a C 60.10:79-23
|t 0
|l Evans: US Documents (Annex 5th floor)
|